| 000 | 00338nam a2200133Ia 4500 | ||
|---|---|---|---|
| 008 | 230312s9999||||xx |||||||||||||| ||und|| | ||
| 020 | _a0714843997 | ||
| 082 |
_a745.2 _bPHA-P |
||
| 100 | _aMcFedries,Paul | ||
| 245 | 0 | _aTeach Yourself Visually Windows 10 | |
| 260 |
_bPhaidon _aNewyork _c2006 |
||
| 650 |
_aComputer _vHistory |
||
| 942 | _cBK | ||
| 999 |
_c15873 _d15873 |
||